000 00638nam a2200205Ia 4500
003 IN-BaIIA
008 211028s9999 xx 000 0 eng d
020 _a0-12-262020-8
040 _cIIA Library
080 _a524.3-64
_bFON
100 _aFontana, Peter R
_912584
245 0 _aAtomic radiative processes
_cPeter R. Fontana
260 _aNew York
_bAcademic Press
_c1982
300 _axv, 270p.
490 _aPure and applied physics; v. 42
650 _aAstronomy and astrophysics thesaurus
650 _aElectromagnetic waves
_92401
650 _aRadiative transfer
_91568
942 _cBK
999 _c7339
_d7339